[Event "XII Open"]
[Site "Condino ITA"]
[Date "2012.07.25"]
[Round "4"]
[White "Agostinetto, Alessandro"]
[Black "Pieri, Enzo"]
[WhiteElo "1656"]
[BlackElo "1750"]
[Result "0-1"]
[PlyCount "104"]
[EventDate "2012.07.22"]

1. e4 d6 2. d4 c6 3. Nf3 Nf6 4. Nc3 a6 5. Bg5 Nbd7 6. Bc4 b5 7. Bb3 b4 8. Bxf6
Nxf6 9. e5 bxc3 10. exf6 cxb2 11. Rb1 exf6 12. Qe2+ Qe7 13. Qxe7+ Bxe7 14. Rxb2
O-O 15. O-O Be6 16. Re1 d5 17. Ba4 c5 18. Bc6 Rab8 19. Rxb8 Rxb8 20. Bxd5 Bxd5
21. Rxe7 Rb1+ 22. Ne1 Kf8 23. Re2 cxd4 24. g4 Bxa2 25. h3 Bc4 26. Re4 d3 27.
cxd3 Bxd3 28. Re3 Bc4 29. Kh2 Rb3 30. Re4 Bb5 31. Ng2 a5 32. Nf4 a4 33. Re1 a3
34. Ra1 Bc4 35. h4 Rf3 36. Nh3 a2 37. g5 Rb3 38. Rxa2 Rxh3+ 39. Kxh3 Bxa2 40.
gxf6 g6 41. Kg4 h5+ 42. Kg5 Be6 43. Kf4 Ke8 44. Ke5 Kd7 45. f3 Bf5 46. Kd5 Be6+
47. Ke5 Kc6 48. Kf4 Kd5 49. Kg5 Ke5 50. f4+ Ke4 51. f5 Bxf5 52. Kh6 Kf4 0-1

[Event "XII Open"]
[Site "Condino ITA"]
[Date "2012.07.25"]
[Round "4"]
[White "Buratti, Marco"]
[Black "Girelli, Sergio"]
[WhiteElo "1994"]
[BlackElo "1889"]
[Result "1-0"]
[PlyCount "121"]
[EventDate "2012.07.22"]

1. e4 c5 2. Nc3 Nc6 3. Bc4 e6 4. d3 a6 5. a4 g6 6. Nge2 Bg7 7. O-O Nf6 8. Bg5
O-O 9. Qd2 Qc7 10. Ng3 d6 11. Qf4 Ne8 12. Qh4 Qd7 13. a5 Nc7 14. Na4 Qe8 15.
Nb6 Rb8 16. c3 Na8 17. Nxc8 Qxc8 18. Bf6 Bxf6 19. Qxf6 Qd8 20. Qxd8 Rbxd8 21.
f4 Nc7 22. Bb3 d5 23. exd5 Nxd5 24. Ne4 Ne3 25. Rf3 c4 26. dxc4 Nf5 27. c5 Kg7
28. g4 Nfe7 29. Nd6 Rd7 30. h4 Nc8 31. Nc4 Rfd8 32. Bc2 N8a7 33. Kf1 Nb5 34.
Ke1 Rd5 35. b4 R5d7 36. Rd1 Rxd1+ 37. Bxd1 Ne7 38. Nb2 Nc6 39. Ke2 e5 40. f5 e4
41. f6+ Kf8 42. Rh3 Nc7 43. Bb3 Ne5 44. g5 Nf3 45. Ke3 Rd2 46. Nd1 Nxg5 47.
Kxd2 Nxh3 48. Ke3 g5 49. Kxe4 gxh4 50. Ne3 Ng5+ 51. Kf4 Nce6+ 52. Kg4 Ne4 53.
Kf5 Nxc3 54. Bxe6 fxe6+ 55. Kxe6 h3 56. Ng4 h5 57. Nh2 Na2 58. b5 Nb4 59. c6
bxc6 60. b6 Nd5 61. b7 1-0

[Event "XII Open"]
[Site "Condino ITA"]
[Date "2012.07.25"]
[Round "4"]
[White "Calabrese, Maurizio"]
[Black "Petragnani, Gian Giacomo"]
[WhiteElo "1541"]
[BlackElo "1733"]
[Result "0-1"]
[PlyCount "130"]
[EventDate "2012.07.22"]

1. e4 g6 2. e5 Bg7 3. d4 d6 4. f4 c5 5. c3 cxd4 6. cxd4 Nh6 7. Bd3 Nf5 8. Nf3
O-O 9. d5 dxe5 10. fxe5 Qxd5 11. Nc3 Qd8 12. O-O Nc6 13. Re1 Nb4 14. Bb1 Qb6+
15. Kf1 Rd8 16. Qe2 Be6 17. Be3 Qc6 18. Kg1 Nxe3 19. Qxe3 Nd5 20. Nxd5 Bxd5 21.
Be4 Bxe4 22. Qxe4 Qxe4 23. Rxe4 e6 24. g4 Rd7 25. Kf2 Rc8 26. Rae1 Rc2+ 27.
R1e2 Rxe2+ 28. Kxe2 Bf8 29. h4 h6 30. a3 Rc7 31. Nd4 a6 32. b4 Bg7 33. g5 h5
34. Kd2 Rd7 35. Kd3 Rd5 36. Kc4 Bxe5 37. Nf3 b5+ 38. Kb3 Rd3+ 39. Ka2 Rxf3 40.
Rxe5 Rf4 41. Rc5 Rxh4 42. Rc6 Rg4 43. Rc5 h4 44. Kb3 Rg3+ 45. Kb2 h3 46. Rc1
Rxg5 47. Ra1 f5 48. Kc3 e5 49. Kd3 Rg3+ 50. Ke2 Rg2+ 51. Kf3 g5 52. a4 g4+ 53.
Ke3 h2 54. axb5 axb5 55. Rh1 g3 56. Kf3 Rg1 57. Ke2 Rxh1 58. Kf3 f4 59. Ke4
Re1+ 60. Kd5 h1=Q+ 61. Kc5 Qf1 62. Kd5 Kf7 63. Kc5 Qc4+ 64. Kd6 Re4 65. Kd7
Rd4# 0-1

[Event "XII Open"]
[Site "Condino ITA"]
[Date "2012.07.25"]
[Round "4"]
[White "Forno, Diego"]
[Black "Pedrotti, Luciano"]
[WhiteElo "1715"]
[BlackElo "1812"]
[Result "1-0"]
[PlyCount "57"]
[EventDate "2012.07.22"]

1. f4 d5 2. d4 Nc6 3. e3 e6 4. Nf3 Nf6 5. c3 Bd6 6. Bd3 O-O 7. O-O Ne7 8. Ne5
c5 9. Qf3 b6 10. Nd2 Ne8 11. Qh3 f5 12. Ndf3 Rf6 13. g4 Rh6 14. Qg3 Bxe5 15.
Nxe5 Ng6 16. g5 Nxe5 17. dxe5 Rg6 18. h4 h6 19. h5 Rxg5 20. fxg5 hxg5 21. Rf2
d4 22. exd4 cxd4 23. Bxg5 Qd7 24. cxd4 Qxd4 25. h6 g6 26. Be3 Qg4 27. Qxg4 fxg4
28. Bxg6 Nc7 29. h7+ 1-0

[Event "XII Open"]
[Site "Condino ITA"]
[Date "2012.07.25"]
[Round "4"]
[White "Forno, Roberto"]
[Black "Panjkovic, Aleksandar"]
[WhiteElo "1883"]
[BlackElo "2163"]
[Result "1-0"]
[PlyCount "60"]
[EventDate "2012.07.22"]

1. b4 e5 2. Bb2 d6 3. e3 Be7 4. c4 Nd7 5. Nf3 f5 6. d4 e4 7. Nfd2 Ngf6 8. Be2
O-O 9. Nc3 Kh8 10. O-O c6 11. a4 d5 12. b5 Rg8 13. Qb3 Nf8 14. f3 Be6 15. a5
Qc7 16. f4 g5 17. b6 Qb8 18. cxd5 Bxd5 19. Nxd5 cxd5 20. bxa7 Rxa7 21. fxg5
Rxg5 22. h4 Rg4 23. Bxg4 Nxg4 24. Rf4 Ra6 25. Rxg4 fxg4 26. Qxd5 Qg3 27. Nf1
Qxh4 28. Qxe4 Rh6 29. Qxb7 Bd6 30. d5+ Kg8 1-0

[Event "XII Open"]
[Site "Condino ITA"]
[Date "2012.07.25"]
[Round "4"]
[White "Galas, Franco"]
[Black "Benso, Alberto"]
[WhiteElo "1756"]
[BlackElo "1410"]
[Result "1/2-1/2"]
[PlyCount "87"]
[EventDate "2012.07.22"]

1. d4 d5 2. Nf3 Nf6 3. e3 e6 4. Be2 c5 5. c3 Nc6 6. Bb5 Bd7 7. Ba4 Bd6 8. Nbd2
O-O 9. O-O Qc7 10. Re1 Rfe8 11. Nf1 Rad8 12. Bc2 h6 13. Ng3 e5 14. dxe5 Nxe5
15. Nxe5 Bxe5 16. Bd3 Bc6 17. Qc2 d4 18. c4 Qd6 19. Bd2 dxe3 20. Rxe3 Ng4 21.
Bh7+ Kh8 22. Rd3 Qf6 23. Bf5 Rxd3 24. Qxd3 Rd8 25. Qe2 Bxg3 26. Bxg4 Re8 27.
Be3 Bf4 28. Rd1 Qe5 29. h3 Bxe3 30. Qxe3 Qxe3 31. fxe3 Rxe3 32. Rd2 Kh7 33. Kf2
Re5 34. b3 h5 35. Bd1 Rg5 36. Kg1 Be4 37. Kh2 Rf5 38. h4 Rf4 39. g3 Rf6 40. Bc2
Bxc2 41. Rxc2 Ra6 42. Kg2 Kg6 43. Kf3 Re6 44. Rd2 1/2-1/2

[Event "XII Open"]
[Site "Condino ITA"]
[Date "2012.07.25"]
[Round "4"]
[White "Garonzi, Martino"]
[Black "Nepi, Ezio"]
[WhiteElo "2025"]
[BlackElo "1927"]
[Result "1/2-1/2"]
[PlyCount "125"]
[EventDate "2012.07.22"]

1. e4 c5 2. Nf3 d6 3. d4 cxd4 4. Nxd4 Nf6 5. Nc3 Nc6 6. Bc4 e5 7. Nf3 Be6 8.
Bd5 h6 9. h3 Be7 10. Be3 Qa5 11. O-O O-O 12. Qd2 Rac8 13. Rfd1 Rfd8 14. Rac1 a6
15. Bxc6 bxc6 16. Nd5 Qxd2 17. Nxe7+ Kf8 18. Nxd2 Kxe7 19. f4 exf4 20. Bxf4 d5
21. e5 Nd7 22. c4 Nb6 23. c5 Na4 24. Rc2 Bf5 25. Rcc1 Nxb2 26. Rf1 Nd3 27. Rc3
Nxf4 28. Rxf4 Bg6 29. Ra3 Rd7 30. Rxa6 Rb7 31. Nf3 Bd3 32. Ra3 Rb1+ 33. Kh2 Be4
34. Ra7+ Ke6 35. Rfxf7 Re8 36. Nd4+ Kxe5 37. Nxc6+ Ke6 38. Rxg7 Rc1 39. Nd4+
Ke5 40. Nc6+ Ke6 41. Nd4+ Ke5 42. Nb3 Rc2 43. Rad7 Re6 44. a3 Rc3 45. Nd2 Rxc5
46. Rge7 Bxg2 47. Kxg2 Rc2 48. Rxe6+ Kxe6 49. Ra7 Rxd2+ 50. Kf3 Rd3+ 51. Kg4
h5+ 52. Kh4 Ke5 53. a4 Ra3 54. a5 d4 55. a6 Kd6 56. Ra8 Kc7 57. Kxh5 Rxh3+ 58.
Kg4 Re3 59. Kf4 Ra3 60. Ke4 d3 61. Ke3 Kb6 62. Rd8 Rxa6 63. Rxd3 1/2-1/2

[Event "XII Open"]
[Site "Condino ITA"]
[Date "2012.07.25"]
[Round "4"]
[White "Innocenti, Luca"]
[Black "Weil, Dany"]
[WhiteElo "2004"]
[BlackElo "1901"]
[Result "1/2-1/2"]
[PlyCount "96"]
[EventDate "2012.07.22"]

1. d4 Nf6 2. Nf3 d6 3. Nc3 g6 4. e4 Bg7 5. Be2 O-O 6. O-O Nbd7 7. e5 Ne8 8. e6
fxe6 9. Ng5 Ndf6 10. d5 exd5 11. Nxd5 c6 12. Nf4 Nc7 13. c3 e5 14. Qb3+ d5 15.
Nd3 Qe7 16. Be3 b6 17. Qa4 Bb7 18. Qh4 Rae8 19. Rfe1 h6 20. Nh3 Ne4 21. Qg4 Qf7
22. f4 Bc8 23. Qf3 Bxh3 24. Qxh3 d4 25. cxd4 exf4 26. Nxf4 Ng5 27. Qg3 Rxe3 28.
Qxe3 Qxf4 29. Bc4+ Kh7 30. Qxf4 Rxf4 31. Re7 Rxd4 32. Rxc7 Rxc4 33. Re1 Re4 34.
Rd1 h5 35. Rdd7 Ne6 36. Rxa7 Kh6 37. g3 Bd4+ 38. Kf1 Kg5 39. Re7 Bxb2 40. Rad7
Ba3 41. Rf7 c5 42. Rd6 b5 43. h4+ Kg4 44. Rf6 Kxg3 45. Rdxe6 Rxe6 46. Rxe6 Kxh4
47. Rxg6 c4 48. Ke2 b4 1/2-1/2

[Event "XII Open"]
[Site "Condino ITA"]
[Date "2012.07.25"]
[Round "4"]
[White "Licandro, Michele"]
[Black "Beccaris, Gabriele"]
[WhiteElo "1577"]
[BlackElo "2042"]
[Result "0-1"]
[PlyCount "58"]
[EventDate "2012.07.22"]

1. e4 c5 2. Nf3 a6 3. d3 Nc6 4. Be3 e6 5. a3 d5 6. exd5 exd5 7. d4 cxd4 8. Nxd4
Nf6 9. Bd3 Bd6 10. Nf5 Bxf5 11. Bxf5 O-O 12. O-O h6 13. c3 Re8 14. Qd3 Ne5 15.
Qc2 Nfg4 16. Bxg4 Nxg4 17. g3 Nxe3 18. fxe3 Bc5 19. Qf5 Re7 20. Rd1 Bxe3+ 21.
Kg2 d4 22. cxd4 Bxd4 23. Nc3 Qb6 24. Na4 Qc6+ 25. Kh3 Qxa4 26. Qf4 Rd8 27. b3
Qd7+ 28. Kg2 Re2+ 29. Kf3 Rf2+ 0-1

[Event "XII Open"]
[Site "Condino ITA"]
[Date "2012.07.25"]
[Round "4"]
[White "Marguerettaz, Davy"]
[Black "Medancic, Rikard"]
[WhiteElo "2214"]
[BlackElo "2223"]
[Result "0-1"]
[PlyCount "84"]
[EventDate "2012.07.22"]

1. e4 e5 2. Nf3 Nc6 3. Bb5 Nf6 4. Nc3 d6 5. d4 exd4 6. Qxd4 Bd7 7. Bxc6 Bxc6 8.
Bg5 Be7 9. O-O-O h6 10. Be3 O-O 11. h3 Nd7 12. g4 Bf6 13. Qc4 Bxc3 14. bxc3 Qe7
15. Nd2 Qe6 16. Qxe6 fxe6 17. g5 h5 18. g6 Ne5 19. Rhg1 Nf3 20. Nxf3 Rxf3 21.
e5 dxe5 22. Rg5 Rxh3 23. Rxe5 Re8 24. Rd4 a6 25. Kd2 Rh1 26. Bg5 Bf3 27. Kd3
Bg4 28. Rd7 Rd1+ 29. Bd2 Rf8 30. Re1 Rxe1 31. Bxe1 h4 32. f4 h3 33. Bg3 e5 34.
Rf7 Bf5+ 35. Ke2 e4 36. Rxc7 Rf6 37. Rxb7 Rxg6 38. Kf2 e3+ 39. Kf3 Be4+ 40.
Kxe4 Rxg3 41. Rb1 e2 42. Re1 h2 0-1

[Event "XII Open"]
[Site "Condino ITA"]
[Date "2012.07.25"]
[Round "4"]
[White "Menichini, Massimo"]
[Black "Murgia, Andrea"]
[WhiteElo "1776"]
[BlackElo "2017"]
[Result "0-1"]
[PlyCount "47"]
[EventDate "2012.07.22"]

1. e4 e5 2. Nf3 Nc6 3. Nc3 Nf6 4. d4 exd4 5. Nxd4 d6 6. Bc4 Be7 7. O-O O-O 8.
Bg5 Ne5 9. Bb3 c5 10. Nde2 c4 11. Ba4 a6 12. f4 Neg4 13. Bxf6 Bxf6 14. Nd5 b5
15. h3 Nh6 16. g4 Bxb2 17. Rb1 Ba3 18. g5 Bxh3 19. gxh6 Bc5+ 20. Nd4 Qh4 21.
Ne3 Qg3+ 22. Kh1 Qxe3 23. hxg7 Rfe8 24. Nf3 0-1

[Event "XII Open"]
[Site "Condino ITA"]
[Date "2012.07.25"]
[Round "4"]
[White "Menon, Michele"]
[Black "Bondoni, Bernardino"]
[WhiteElo "1747"]
[BlackElo "1584"]
[Result "1-0"]
[PlyCount "85"]
[EventDate "2012.07.22"]

1. Nf3 d5 2. c4 Nf6 3. g3 e6 4. b3 Be7 5. Bb2 O-O 6. Bg2 dxc4 7. bxc4 c6 8. Nc3
b6 9. O-O Bb7 10. d4 Qd7 11. Qc2 Qc7 12. Rac1 Na6 13. a3 Rfd8 14. e4 Nd7 15.
Qb1 Nf8 16. Rfd1 Bf6 17. Ne2 Qb8 18. Nf4 c5 19. Nh5 Bxd4 20. Nxd4 cxd4 21. Bxd4
e5 22. Be3 Qc7 23. Qb2 Qe7 24. g4 Ng6 25. Ng3 Nf4 26. Bxf4 exf4 27. Nf5 Qg5 28.
h3 Nc5 29. Qc2 g6 30. h4 Qf6 31. Nh6+ Kf8 32. g5 Qe5 33. Ng4 Qe6 34. Nf6 h5 35.
Kh2 Nd7 36. Rxd7 Rxd7 37. Bh3 Qd6 38. Nxd7+ Ke7 39. Rd1 Qc7 40. f3 Rd8 41. Nf6
Rxd1 42. Qxd1 Bc8 43. Nd5+ 1-0

[Event "XII Open"]
[Site "Condino ITA"]
[Date "2012.07.25"]
[Round "4"]
[White "Pellicoro, Roberto"]
[Black "Bortolotti, Silvano"]
[WhiteElo "1530"]
[BlackElo "1772"]
[Result "0-1"]
[PlyCount "85"]
[EventDate "2012.07.22"]

1. e4 e5 2. Nf3 Nc6 3. Bc4 Nf6 4. Nc3 Be7 5. O-O d6 6. d4 Bg4 7. dxe5 Bxf3 8.
Qxf3 Nxe5 9. Qe2 Nxc4 10. Qxc4 O-O 11. Be3 c6 12. Rad1 Qc8 13. Qb3 Rd8 14. Bg5
h6 15. Bh4 g5 16. Bg3 b5 17. e5 dxe5 18. Rxd8+ Bxd8 19. Bxe5 Qf5 20. Bg3 Bb6
21. Nd1 Ne4 22. Ne3 Bxe3 23. fxe3 Qxf1+ 24. Kxf1 Nd2+ 25. Ke2 Nxb3 26. axb3 Rd8
27. Bf2 a6 28. Be1 f5 29. Bc3 Kf7 30. g3 g4 31. Kf2 Rd1 32. Kg2 Rc1 33. h4
Rxc2+ 34. Kf1 h5 35. b4 Ke6 36. Ke1 Kd5 37. b3 Rxc3 38. Kd2 Rxb3 39. Kc2 Kc4
40. e4 fxe4 41. Kd2 Kd4 42. Ke2 Rb2+ 43. Ke1 0-1

[Event "XII Open"]
[Site "Condino ITA"]
[Date "2012.07.25"]
[Round "4"]
[White "Petragnani, Alessandro"]
[Black "Simoncini, Francesco"]
[WhiteElo "1963"]
[BlackElo "1839"]
[Result "0-1"]
[PlyCount "54"]
[EventDate "2012.07.22"]

1. c4 e5 2. g3 d6 3. Bg2 f5 4. Nc3 Nf6 5. d3 Be7 6. Nf3 O-O 7. b4 c6 8. Qb3 Kh8
9. a4 Na6 10. Ba3 Nc7 11. b5 e4 12. Nd4 c5 13. Nc2 d5 14. cxd5 Ncxd5 15. Nxd5
Be6 16. dxe4 fxe4 17. Nce3 Bxd5 18. Nxd5 Nxd5 19. O-O-O c4 20. Qb2 c3 21. Qb3
Bxa3+ 22. Qxa3 Qg5+ 23. e3 Nxe3 24. fxe3 Qxe3+ 25. Kb1 c2+ 26. Kb2 c1=Q+ 27.
Rxc1 Rf2+ 0-1

[Event "XII Open"]
[Site "Condino ITA"]
[Date "2012.07.25"]
[Round "4"]
[White "Poletti, Fausto"]
[Black "Sanzani, Pierluigi"]
[WhiteElo "1950"]
[BlackElo "1859"]
[Result "0-1"]
[PlyCount "92"]
[EventDate "2012.07.22"]

1. c4 e5 2. Nc3 Nf6 3. g3 d5 4. cxd5 Nxd5 5. Bg2 Nb6 6. Nf3 Nc6 7. d3 Be7 8.
O-O O-O 9. Be3 Be6 10. Qd2 f6 11. Rfc1 Qd7 12. Ne4 Rfd8 13. Nc5 Bxc5 14. Rxc5
Nd5 15. b3 Nce7 16. Rc2 Nxe3 17. Qxe3 c6 18. Rac1 Nf5 19. Qc5 Nd4 20. Nxd4 Qxd4
21. Qxd4 Rxd4 22. Rb2 a5 23. h4 Rb4 24. Rcc2 Ra6 25. Rd2 Rab6 26. Rbc2 a4 27.
bxa4 Rxa4 28. Rb2 Rbb4 29. Rxb4 Rxb4 30. Bf3 Kf7 31. e3 c5 32. Kg2 Ke7 33. Bd1
Bf7 34. a3 Rb1 35. a4 b6 36. Bf3 Kd6 37. Be4 Bd5 38. Bxd5 Kxd5 39. Ra2 Rb3 40.
a5 bxa5 41. Rxa5 Rxd3 42. Ra7 c4 43. Rxg7 c3 44. Rd7+ Kc4 45. Rxh7 Rd5 46. Ra7
c2 0-1

[Event "XII Open"]
[Site "Condino ITA"]
[Date "2012.07.25"]
[Round "4"]
[White "Popa, Claudiu"]
[Black "Lezzerini, Marco"]
[WhiteElo "2146"]
[BlackElo "1948"]
[Result "1-0"]
[PlyCount "43"]
[EventDate "2012.07.22"]

1. e4 d6 2. d4 Nf6 3. Bd3 e5 4. c3 d5 5. dxe5 Nxe4 6. Qe2 Nc5 7. Bc2 Nc6 8. b4
Ne6 9. b5 Ne7 10. Nf3 d4 11. O-O dxc3 12. Rd1 Bd7 13. Nxc3 Ng6 14. Qe4 Nc5 15.
Qc4 Qc8 16. Ba3 Be6 17. Qd4 b6 18. Na4 Nxa4 19. Qxa4 Bxa3 20. Qxa3 Qb7 21. Qb4
Bd5 22. Rxd5 1-0

[Event "XII Open"]
[Site "Condino ITA"]
[Date "2012.07.25"]
[Round "4"]
[White "Schaberg, Wolfgang"]
[Black "Brun, Dario"]
[WhiteElo "1887"]
[BlackElo "2262"]
[Result "0-1"]
[PlyCount "68"]
[EventDate "2012.07.22"]

1. e4 e6 2. d4 d5 3. Nd2 Nf6 4. e5 Nfd7 5. Bd3 c5 6. c3 Nc6 7. Ne2 cxd4 8. cxd4
f6 9. exf6 Qxf6 10. Nf3 h6 11. Nc3 Bd6 12. a3 O-O 13. O-O Rd8 14. Bc2 Nf8 15.
Re1 Bd7 16. Be3 Rac8 17. g3 Be8 18. Nh4 Bf7 19. f4 Ng6 20. Nf3 Bb8 21. Na4 Nf8
22. Nh4 a5 23. Nc3 Ne7 24. Qd3 Bh5 25. f5 e5 26. dxe5 Bxe5 27. Bd2 Bg4 28. Rf1
Nc6 29. Ng6 Bh3 30. Rf2 Bd4 31. Be3 Bxe3 32. Qxe3 d4 33. Bb3+ Kh7 34. Nxf8+
Rxf8 0-1

[Event "XII Open"]
[Site "Condino ITA"]
[Date "2012.07.25"]
[Round "4"]
[White "Simoni, Giulio"]
[Black "Caldara, Sisto"]
[WhiteElo "1680"]
[BlackElo "1780"]
[Result "0-1"]
[PlyCount "84"]
[EventDate "2012.07.22"]

1. e4 c5 2. Nf3 e6 3. d4 cxd4 4. Nxd4 a6 5. c3 Qc7 6. Be3 Nf6 7. Bd3 Nc6 8. Nd2
Be7 9. O-O h5 10. f3 Bd6 11. h3 h4 12. f4 Nh5 13. Ne2 b6 14. Nc4 b5 15. Nxd6+
Qxd6 16. Bc2 Qc7 17. Qd2 Bb7 18. Rad1 Rd8 19. Qd6 Qxd6 20. Rxd6 Na5 21. b3 Bc6
22. Rd2 f6 23. Bb6 Nb7 24. Bxd8 Nxd8 25. Kf2 Nf7 26. Rg1 g5 27. f5 e5 28. g3
hxg3+ 29. Nxg3 Nf4 30. Rh1 Rh4 31. Kf3 Nxh3 32. Rdh2 g4+ 33. Ke3 Rh8 34. Bd1
Rg8 35. Nh5 Ke7 36. Rg2 Nh6 37. Kd3 Rg5 38. Rxh3 gxh3 39. Rxg5 fxg5 40. Ke3 d6
41. Bf3 g4 42. Bh1 Nxf5+ 0-1

[Event "XII Open"]
[Site "Condino ITA"]
[Date "2012.07.25"]
[Round "4"]
[White "Weinberg, Emanuele"]
[Black "Cambria, Gilberto"]
[WhiteElo "1786"]
[BlackElo "1697"]
[Result "0-1"]
[PlyCount "70"]
[EventDate "2012.07.22"]

1. d4 d5 2. Nf3 Nf6 3. g3 e6 4. Bg2 Be7 5. O-O O-O 6. c4 c6 7. b3 Nbd7 8. Bb2
Re8 9. Nc3 b6 10. Re1 Bb7 11. Qd3 c5 12. cxd5 exd5 13. dxc5 bxc5 14. Nd2 Nb6
15. Rac1 Qd7 16. Nf3 Bf8 17. e3 Bc6 18. Ne2 Bb5 19. Qb1 Ne4 20. Nc3 Bc6 21.
Nxe4 dxe4 22. Ne5 Rxe5 23. Bxe5 Re8 24. Bb2 Qe6 25. Red1 h5 26. h4 Nd5 27. Rc4
Nb4 28. Bf1 Bb5 29. Rc3 Bxf1 30. Rxf1 Bd6 31. Qd1 Qg6 32. Kg2 Nd3 33. Rc2 Re6
34. Ba1 Nxf2 35. Rcxf2 Qxg3+ 0-1

[Event "XII Open"]
[Site "Condino ITA"]
[Date "2012.07.26"]
[Round "5"]
[White "Barucco, Mattia"]
[Black "Pieri, Enzo"]
[WhiteElo "2000"]
[BlackElo "1750"]
[Result "1-0"]
[PlyCount "69"]
[EventDate "2012.07.22"]

1. e4 d6 2. d4 c6 3. Nc3 g6 4. f4 d5 5. e5 e6 6. Be3 Nh6 7. Bd3 a6 8. Nf3 Nd7
9. Na4 Qa5+ 10. c3 Nf5 11. Bd2 b5 12. Nc5 Nxc5 13. dxc5 Qd8 14. b4 Nh4 15. O-O
Nxf3+ 16. Qxf3 Bg7 17. Be3 O-O 18. Bd4 Bb7 19. Qe2 Qe7 20. a4 Qd7 21. g4 f5 22.
gxf5 gxf5 23. Kh1 Kh8 24. Qh5 Qf7 25. Qh4 Qg6 26. Rg1 Qf7 27. Rg3 Rg8 28. a5
Bf8 29. Rxg8+ Kxg8 30. Rg1+ Bg7 31. Qg5 Kh8 32. Bxf5 exf5 33. e6 Qg6 34. Bxg7+
Kg8 35. Qe7 1-0

[Event "XII Open"]
[Site "Condino ITA"]
[Date "2012.07.26"]
[Round "5"]
[White "Beccaris, Gabriele"]
[Black "Caldara, Sisto"]
[WhiteElo "2042"]
[BlackElo "1780"]
[Result "0-1"]
[PlyCount "94"]
[EventDate "2012.07.22"]

1. e4 c5 2. c3 g6 3. d4 cxd4 4. cxd4 d5 5. e5 Nc6 6. Nc3 Bg7 7. Bb5 f6 8. f4
Nh6 9. Qa4 Qd7 10. Nf3 O-O 11. Nxd5 e6 12. Nb6 axb6 13. Qxa8 Qd5 14. Bxc6 bxc6
15. O-O fxe5 16. fxe5 Qb5 17. Qa3 Nf5 18. Bd2 Ba6 19. Rf2 c5 20. dxc5 bxc5 21.
Rc1 c4 22. Qa5 Qb7 23. Rc3 Ra8 24. Bg5 Bb5 25. Qxa8+ Qxa8 26. g4 Nh6 27. Bxh6
Bxh6 28. Nd4 Qd5 29. Nxb5 Qxb5 30. b3 Qxe5 31. Rff3 Bf4 32. Rxc4 g5 33. a4 Kg7
34. h3 Qe1+ 35. Kg2 Qd2+ 36. Rf2 Qd5+ 37. Kf1 Qh1+ 38. Ke2 Qxh3 39. Rb4 Qxg4+
40. Rf3 h5 41. a5 h4 42. a6 Qg2+ 43. Rf2 Qa8 44. Rd4 h3 45. a7 h2 46. Rf1 e5
47. Rdd1 g4 0-1

[Event "XII Open"]
[Site "Condino ITA"]
[Date "2012.07.26"]
[Round "5"]
[White "Benso, Alberto"]
[Black "Pellicoro, Roberto"]
[WhiteElo "1410"]
[BlackElo "1530"]
[Result "0-1"]
[PlyCount "62"]
[EventDate "2012.07.22"]

1. e4 e5 2. Bc4 Nf6 3. Nc3 Be7 4. Nf3 Nc6 5. O-O d6 6. h3 O-O 7. d3 Be6 8. Bxe6
fxe6 9. Be3 d5 10. exd5 exd5 11. Bg5 d4 12. Ne2 e4 13. dxe4 Nxe4 14. Bxe7 Qxe7
15. Nexd4 Nxd4 16. Qxd4 c5 17. Qd5+ Kh8 18. Rfe1 Rae8 19. Re3 Qd6 20. Qxb7 Nd2
21. Rxe8 Nxf3+ 22. gxf3 Rxe8 23. Qxa7 Qg6+ 24. Kh2 Qxc2 25. Rg1 Qxf2+ 26. Rg2
Qd4 27. b4 Qf4+ 28. Kh1 Re1+ 29. Rg1 Qxf3+ 30. Kh2 Re2+ 31. Rg2 Qxg2# 0-1

[Event "XII Open"]
[Site "Condino ITA"]
[Date "2012.07.26"]
[Round "5"]
[White "Bondoni, Bernardino"]
[Black "Agostinetto, Alessandro"]
[WhiteElo "1584"]
[BlackElo "1656"]
[Result "0-1"]
[PlyCount "100"]
[EventDate "2012.07.22"]

1. d4 d5 2. c4 e6 3. Nc3 Nf6 4. Nf3 c6 5. c5 Nbd7 6. Bf4 Be7 7. e3 O-O 8. h3
Re8 9. Bd3 b6 10. b4 a5 11. a3 h6 12. O-O Ba6 13. Bxa6 Rxa6 14. Qd3 Ra8 15. Ne5
Nxe5 16. Bxe5 Nd7 17. Bf4 Bf8 18. Bg3 e5 19. f4 exd4 20. exd4 bxc5 21. bxc5 Qc8
22. Na4 Nf6 23. Qf3 Qf5 24. Nb6 Rab8 25. Bh2 Qe4 26. Rad1 Qe3+ 27. Kh1 Qxf3 28.
Rxf3 Ne4 29. g4 Be7 30. Kg2 Bh4 31. g5 Rb7 32. gxh6 gxh6 33. f5 Kh7 34. Rf4 Bg5
35. Rf3 Rg8 36. Kh1 Bh4 37. Bg1 Rg3 38. Rxg3 Nxg3+ 39. Kg2 Nxf5 40. Kf3 Bf6 41.
Bf2 Bd8 42. Rb1 Bh4 43. Bxh4 Nxh4+ 44. Kg4 Ng6 45. Kf5 Re7 46. Rg1 Re3 47. a4
Rf3+ 48. Kg4 Rf4+ 49. Kg3 Rxd4 50. Rf1 Kg7 0-1

[Event "XII Open"]
[Site "Condino ITA"]
[Date "2012.07.26"]
[Round "5"]
[White "Bortolotti, Silvano"]
[Black "Petragnani, Alessandro"]
[WhiteElo "1772"]
[BlackElo "1963"]
[Result "0-1"]
[PlyCount "80"]
[EventDate "2012.07.22"]

1. e4 d6 2. f4 g6 3. Nf3 Bg7 4. Bc4 e6 5. Nc3 Ne7 6. O-O O-O 7. d3 a6 8. a4 c5
9. Bb3 Nbc6 10. Ne2 Na5 11. c3 b5 12. Bd2 Bd7 13. axb5 axb5 14. Bc2 Qb6 15. Qc1
Nac6 16. Rxa8 Rxa8 17. Be3 b4 18. Qd2 Ra2 19. Rb1 Qa5 20. cxb4 Qxb4 21. e5 Nf5
22. Qxb4 Nxb4 23. Bb3 Ra6 24. Bc4 Rb6 25. Bf2 Nc6 26. b3 Na5 27. exd6 Nxc4 28.
Bxc5 Rc6 29. b4 Ncxd6 30. d4 Nb5 31. g4 Ne3 32. Ra1 Nxg4 33. Ra5 Rc8 34. h3 Nh6
35. Nd2 Bc6 36. Kf2 Bf8 37. Nc4 Ra8 38. Bxf8 Kxf8 39. Rxa8+ Bxa8 40. Nc1 Nxd4
0-1

[Event "XII Open"]
[Site "Condino ITA"]
[Date "2012.07.26"]
[Round "5"]
[White "Brun, Dario"]
[Black "Popa, Claudiu"]
[WhiteElo "2262"]
[BlackElo "2146"]
[Result "1-0"]
[PlyCount "79"]
[EventDate "2012.07.22"]

1. d4 d5 2. c4 e6 3. Nc3 f5 4. Nf3 Nf6 5. Bf4 c6 6. e3 Be7 7. Bd3 O-O 8. Qc2
Ne4 9. g4 Na6 10. a3 Qa5 11. Kf1 Bd7 12. gxf5 exf5 13. cxd5 cxd5 14. Kg2 Nxc3
15. bxc3 Rac8 16. Rhc1 Kh8 17. Qb3 Bc6 18. Ne5 Nc7 19. Nxc6 bxc6 20. Qb7 c5 21.
Bxf5 Rb8 22. Qxc7 Qxc7 23. Bxc7 Rb7 24. Be6 Rxc7 25. Bxd5 cxd4 26. cxd4 Rxc1
27. Rxc1 Bxa3 28. Ra1 Bb4 29. Rxa7 Be1 30. Ra8 Rxa8 31. Bxa8 Kg8 32. Kf3 Kf7
33. Ke2 Ba5 34. e4 Kf6 35. Ke3 Bc7 36. h3 Kg5 37. e5 Kf5 38. Be4+ Kg5 39. Bxh7
Kh6 40. Bd3 1-0

[Event "XII Open"]
[Site "Condino ITA"]
[Date "2012.07.26"]
[Round "5"]
[White "Cambria, Gilberto"]
[Black "Licandro, Michele"]
[WhiteElo "1697"]
[BlackElo "1577"]
[Result "1-0"]
[PlyCount "43"]
[EventDate "2012.07.22"]

1. Nf3 d5 2. g3 c5 3. Bg2 Nf6 4. O-O Nc6 5. d3 e6 6. Nbd2 Be7 7. e4 O-O 8. Re1
Qc7 9. c3 b5 10. a3 Bb7 11. Qe2 Rfe8 12. e5 Nd7 13. Nf1 d4 14. Bf4 a5 15. h4 a4
16. N1d2 Na5 17. cxd4 cxd4 18. Rac1 Qb6 19. Ng5 Bxg2 20. Kxg2 Rad8 21. Qh5 g6
22. Qxh7+ 1-0

[Event "XII Open"]
[Site "Condino ITA"]
[Date "2012.07.26"]
[Round "5"]
[White "De Santis, Alessio"]
[Black "Forno, Roberto"]
[WhiteElo "2349"]
[BlackElo "1883"]
[Result "1-0"]
[PlyCount "85"]
[EventDate "2012.07.22"]

1. b3 e5 2. Bb2 Nc6 3. e3 Nf6 4. c4 d5 5. cxd5 Nxd5 6. a3 Bd6 7. Qc2 O-O 8. Nf3
Qe7 9. d3 Bg4 10. Nbd2 Rad8 11. Be2 Kh8 12. h3 Bh5 13. g4 Bg6 14. h4 f6 15. h5
Bf7 16. Nh4 Kg8 17. Nf5 Qd7 18. Bf3 Rfe8 19. Be4 Bf8 20. Ke2 g6 21. hxg6 hxg6
22. Nh6+ Bxh6 23. Rxh6 Kg7 24. Rah1 Rh8 25. Rxh8 Rxh8 26. Rxh8 Kxh8 27. Bf3 Kg7
28. b4 Be6 29. g5 Qe7 30. b5 Na5 31. gxf6+ Kxf6 32. Bxd5 Bxd5 33. e4 Bf7 34. f4
Ke6 35. Bxe5 Qxa3 36. Qxc7 Be8 37. Nf3 Bd7 38. Qd8 Qa2+ 39. Ke3 Nc4+ 40. dxc4
Qb3+ 41. Kf2 Qc2+ 42. Kg3 Qd3 43. Qf6# 1-0